[Event "Mirandela op 3rd"]
[Site "Mirandela"]
[Date "2022.08.23"]
[Round "9"]
[White "Kovacs, Klara"]
[Black "Leon Valdes, Jony Wilson"]
[Result "0-1"]
[WhiteElo "2098"]
[BlackElo "2386"]
[PlyCount "54"]
[EventDate "2022.08.17"]
[EventType "swiss"]
[EventRounds "9"]
[EventCountry "POR"]
[SourceTitle "CBM 209 Extra"]
[Source "ChessBase"]
[SourceDate "2022.09.30"]
[SourceVersion "1"]
[SourceVersionDate "2022.09.30"]
[SourceQuality "1"]

1. d4 e6 2. Nf3 Nf6 3. g3 b6 4. Bg2 Bb7 5. 0-0 Be7 6. c4 0-0 7. Nc3 Ne4 8. Qc2 Nxc3 9. bxc3 f5 10. Be3 Be4 11. Qd2 Nc6 12. Ne1 Bxg2 13. Kxg2 Na5 14. c5 Qc8 15. Rb1 Qb7+ 16. f3 Qd5 17. Bf4 bxc5 18. Bxc7 Nc4 19. Qd3 d6 20. e4 fxe4 21. fxe4 Ne3+ 22. Qxe3 Qxa2+ 23. Nc2 Qxc2+ 24. Kh3 Rac8 25. Rxf8+ Rxf8 26. Rb8 Rxb8 27. Bxb8 Qb1 0-1

[Event "Mirandela op 3rd"]
[Site "Mirandela"]
[Date "2022.08.21"]
[Round "7"]
[White "Silva, Miguel Antonio Neto"]
[Black "Leon Valdes, Jony Wilson"]
[Result "1/2-1/2"]
[WhiteElo "2207"]
[BlackElo "2386"]
[PlyCount "72"]
[EventDate "2022.08.17"]
[EventType "swiss"]
[EventRounds "9"]
[EventCountry "POR"]
[SourceTitle "CBM 209 Extra"]
[Source "ChessBase"]
[SourceDate "2022.09.30"]
[SourceVersion "1"]
[SourceVersionDate "2022.09.30"]
[SourceQuality "1"]

1. d4 e6 2. e4 d5 3. Nc3 Nf6 4. e5 Nfd7 5. f4 c5 6. Nf3 Nc6 7. Be3 a6 8. dxc5 Nxc5 9. a3 Be7 10. Be2 0-0 11. 0-0 f6 12. exf6 Rxf6 13. Qd2 a5 14. Rae1 Bd7 15. Kh1 Be8 16. Bb5 Bh5 17. Nd4 e5 18. Bxc6 bxc6 19. fxe5 Rxf1+ 20. Rxf1 Qc7 21. Bg5 Bf8 22. Bf4 Re8 23. h3 Bg6 24. Bh2 Qd7 25. Nf3 Be7 26. Nd4 h6 27. b4 axb4 28. axb4 Ne4 29. Nxe4 Bxe4 30. e6 Qb7 31. c3 c5 32. Be5 Rf8 33. Rxf8+ Bxf8 34. bxc5 Bxc5 35. Qf4 Qe7 36. Qg4 h5 1/2-1/2

[Event "La Nucia op"]
[Site "La Nucia"]
[Date "2021.10.10"]
[Round "7"]
[White "Leon Valdes, Jony Wilson"]
[Black "Martin Barcelo, Carles"]
[Result "1-0"]
[WhiteElo "2379"]
[BlackElo "2258"]
[PlyCount "151"]
[EventDate "2021.10.06"]
[EventType "swiss"]
[EventRounds "9"]
[EventCountry "ESP"]
[SourceTitle "CBM 204 Extra"]
[Source "ChessBase"]
[SourceDate "2021.11.30"]
[SourceVersion "1"]
[SourceVersionDate "2021.11.30"]
[SourceQuality "1"]

1. d4 Nf6 2. c4 g6 3. f3 Bg7 4. e4 d6 5. Nc3 0-0 6. Nge2 c5 7. d5 e6 8. Ng3 exd5 9. cxd5 a6 10. a4 h5 11. Bg5 Nbd7 12. Be2 Qc7 13. Qd2 Rb8 14. 0-0 c4 15. f4 Nc5 16. e5 Nh7 17. exd6 Qxd6 18. Bxc4 b5 19. axb5 axb5 20. Ba2 b4 21. Nce4 Nxe4 22. Nxe4 Qb6+ 23. Kh1 Qd4 24. Qxd4 Bxd4 25. Be7 Re8 26. d6 Bxb2 27. Rab1 Bg7 28. Bd5 Bf8 29. Bc6 Rxe7 30. dxe7 Bxe7 31. Bd5 Nf6 32. Nxf6+ Bxf6 33. Bb3 Bf5 34. Rbd1 Ra8 35. h3 Ra3 36. Rf3 Kg7 37. Bd5 Rxf3 38. Bxf3 b3 39. Bd5 Bc2 40. Re1 b2 41. Ba2 Bc3 42. Rg1 Bd2 43. Rf1 Bc1 44. Kh2 h4 45. g3 hxg3+ 46. Kxg3 Kf6 47. Re1 Bf5 48. h4 Be6 49. Bb1 Bf5 50. Ba2 Be6 51. Bb1 Kg7 52. Re5 Kf6 53. Rb5 Kg7 54. Rb6 Kf6 55. h5 gxh5 56. f5 Be3 57. Ra6 Ke5 58. fxe6 fxe6 59. Ba2 Kd4 60. Rxe6 Kd3 61. Bb1+ Ke2 62. Kh4 Kd2 63. Rc6 Bd4 64. Rc2+ Ke3 65. Kxh5 Kf4 66. Rc4 Ke5 67. Kg4 Kd5 68. Rc8 Bc5 69. Kf3 Kc4 70. Ke2 Kb4 71. Kd3 Bd6 72. Rc4+ Kb5 73. Rg4 Kc6 74. Kc4 Kd7 75. Kd5 Be7 76. Rg7 1-0

[Event "La Nucia op"]
[Site "La Nucia"]
[Date "2021.10.09"]
[Round "5"]
[White "Leon Valdes, Jony Wilson"]
[Black "Santos Ruiz, Miguel"]
[Result "1/2-1/2"]
[WhiteElo "2379"]
[BlackElo "2596"]
[PlyCount "56"]
[EventDate "2021.10.06"]
[EventType "swiss"]
[EventRounds "9"]
[EventCountry "ESP"]
[SourceTitle "CBM 204 Extra"]
[Source "ChessBase"]
[SourceDate "2021.11.30"]
[SourceVersion "1"]
[SourceVersionDate "2021.11.30"]
[SourceQuality "1"]

1. d4 d5 2. Nf3 Nf6 3. c4 c6 4. g3 Bf5 5. Bg2 e6 6. 0-0 Be7 7. b3 Nbd7 8. Bb2 h5 9. Nbd2 Ne4 10. cxd5 exd5 11. Ne5 Nxd2 12. Qxd2 Nxe5 13. dxe5 h4 14. Qf4 Qc8 15. Rfe1 hxg3 16. hxg3 g5 17. Qd4 Qe6 18. e4 dxe4 19. Bxe4 Bc5 20. Qxc5 Bxe4 21. Rxe4 Qh3 22. Rh4 gxh4 23. e6 0-0-0 24. Qxa7 hxg3 25. Qa8+ Kc7 26. Qa5+ Kc8 27. Qa8+ Kc7 28. Qa5+ Kc8 1/2-1/2

[Event "Barcelona Sant Marti op 21st"]
[Site "Barcelona"]
[Date "2019.07.18"]
[Round "6"]
[White "Leon Valdes, Jony Wilson"]
[Black "Loiseau, Quentin"]
[Result "1-0"]
[WhiteElo "2364"]
[BlackElo "2472"]
[PlyCount "95"]
[EventDate "2019.07.13"]
[EventType "swiss"]
[EventRounds "9"]
[EventCountry "ESP"]
[SourceTitle "EXT 2020"]
[Source "ChessBase"]
[SourceDate "2019.10.17"]
[SourceVersion "1"]
[SourceVersionDate "2019.10.17"]
[SourceQuality "1"]

1. d4 Nf6 2. c4 g6 3. f3 c5 4. d5 d6 5. e4 e6 6. Nc3 a6 7. a4 Bg7 8. Nge2 exd5 9. cxd5 Nbd7 10. Ng3 h5 11. Be2 h4 12. Nf1 Nh7 13. Be3 f5 14. exf5 gxf5 15. Nd2 Ne5 16. 0-0 0-0 17. Kh1 f4 18. Bf2 Qg5 19. Nde4 Qh6 20. Rb1 Bf5 21. Rc1 Kh8 22. Qe1 Rae8 23. Bxh4 Ng6 24. Bf2 Be5 25. Qd2 Rf7 26. g4 Bxe4 27. Nxe4 Nf6 28. Nxf6 Bxf6 29. Bg1 Ne5 30. Rf2 Bh4 31. Rg2 Rfe7 32. Rf1 Bg5 33. Bd3 Qh3 34. Be4 Kg7 35. b4 cxb4 36. Qxb4 Nf7 37. Bd4+ Kg8 38. Qc3 Ne5 39. Bf5 Kf8 40. Be6 Qh8 41. Re1 Bf6 42. Re4 Qh6 43. g5 Bxg5 44. Rxf4+ Nf7 45. Rxg5 Qxg5 46. Rg4 Qh5 47. Bg7+ Kg8 48. Bh6+ 1-0

[Event "Platja d'Aro op-A 7th"]
[Site "Platja d'Aro"]
[Date "2019.06.30"]
[Round "8"]
[White "Leon Valdes, Jony Wilson"]
[Black "Lopez Gonzalez, Abel Fabian"]
[Result "1/2-1/2"]
[WhiteElo "2364"]
[BlackElo "2345"]
[PlyCount "40"]
[EventDate "2019.06.24"]
[EventType "swiss"]
[EventRounds "9"]
[EventCountry "ESP"]
[SourceTitle "CBM 191 Extra"]
[Source "ChessBase"]
[SourceDate "2019.09.30"]
[SourceVersion "1"]
[SourceVersionDate "2019.09.30"]
[SourceQuality "1"]

1. b3 Nf6 2. Bb2 g6 3. e4 d6 4. f4 Bg7 5. Nf3 c5 6. Bb5+ Nc6 7. Bxc6+ bxc6 8. 0-0 0-0 9. Re1 Qb6 10. c4 Nh5 11. Bxg7 Nxg7 12. d4 cxd4 13. Qxd4 Ne6 14. Qxb6 axb6 15. g3 Nc5 16. Nc3 f6 17. Kg2 Bg4 18. h3 Bxf3+ 19. Kxf3 Kf7 20. Rad1 Rfd8 1/2-1/2

[Event "Montreal Varennes op"]
[Site "Montreal"]
[Date "2018.10.05"]
[Round "1"]
[White "Leon Valdes, Jony Wilson"]
[Black "Tanaka, Taira Tyler"]
[Result "0-1"]
[WhiteElo "2304"]
[BlackElo "1994"]
[PlyCount "86"]
[EventDate "2018.10.05"]
[EventType "swiss"]
[EventRounds "5"]
[EventCountry "CAN"]
[SourceTitle "CBM 187 Extra"]
[Source "ChessBase"]
[SourceDate "2018.11.04"]
[SourceVersion "1"]
[SourceVersionDate "2018.11.04"]
[SourceQuality "1"]

1. d4 Nf6 2. c4 g6 3. f3 Bg7 4. e4 d6 5. Nc3 0-0 6. Be3 c5 7. d5 e6 8. Nge2 exd5 9. cxd5 a6 10. a4 Nbd7 11. Ng3 Re8 12. Be2 h5 13. 0-0 Ne5 14. Qd2 Qc7 15. h3 c4 16. Rfc1 Rb8 17. a5 Qe7 18. Nh1 Nfd7 19. Na4 f5 20. Nf2 Nf6 21. Bxc4 fxe4 22. fxe4 Bd7 23. Bf1 Bxa4 24. Rxa4 Rbc8 25. Raa1 Nf7 26. Rxc8 Rxc8 27. Bd3 Ne5 28. Bf4 Nfd7 29. Be2 Nc5 30. Qe3 Nf7 31. Rb1 Re8 32. Bf3 Nd7 33. Qb3 Nc5 34. Qc2 Bd4 35. b4 Nxe4 36. Rf1 Nxf2 37. Qxg6+ Kf8 38. Bxh5 Nxh3+ 39. Kh2 Nxf4 40. Rxf4 Be5 41. g3 Bxf4 42. gxf4 Qh4+ 43. Kg2 Qxf4 0-1